|
|
|
|
| LEADER |
02014nam a2200505 a 4500 |
| 001 |
nkc20051569474 |
| 003 |
CZ PrNK |
| 005 |
20051027081131.0 |
| 007 |
ta |
| 008 |
050531s2005 xr e f 000 0 cze |
| 015 |
|
|
|z cnb001569474
|
| 020 |
|
|
|a 80-7043-393-0
|q (Západočeská univerzita ;
|q brož.)
|
| 035 |
|
|
|a (OCoLC)85154483
|
| 040 |
|
|
|a BOA001
|b cze
|d ABA001
|
| 041 |
0 |
|
|a cze
|a ger
|
| 043 |
|
|
|a e-gx---
|a e-xr---
|
| 072 |
|
7 |
|a 378
|x Vysoké školy
|2 Konspekt
|9 22
|
| 080 |
|
|
|a 378.011.3-052
|2 MRF
|
| 080 |
|
|
|a 37.018.556
|2 MRF
|
| 080 |
|
|
|a (430)
|2 MRF
|
| 080 |
|
|
|a (437.3)
|2 MRF
|
| 080 |
|
|
|a (036)
|2 MRF
|
| 100 |
1 |
|
|a Felcmanová, Alena
|7 pna2005292301
|4 aut
|
| 245 |
1 |
0 |
|a Informace o studiu v SRN /
|c [texty Alena Felcmanová a Kateřina Smejkalová]
|
| 260 |
|
|
|a Plzeň :
|b Tandem :
|b Česko-německé fórum mládeže,
|c 2005
|
| 300 |
|
|
|a 63 s. ;
|c 21 cm
|
| 500 |
|
|
|a 500 výt.
|
| 500 |
|
|
|a Vydala Západočeská univerzita v Plzni, Koordinační centrum česko-německých výměn mládeže Tandem Plzeň ve spolupráci s Česko-německým fórem mládeže
|
| 504 |
|
|
|a Obsahuje bibliografii
|
| 546 |
|
|
|a Část. německý text
|
| 650 |
0 |
7 |
|a vysokoškolští studenti
|7 ph127281
|z Česko
|2 czenas
|
| 650 |
0 |
7 |
|a zahraniční studium
|7 ph127525
|z Německo
|2 czenas
|
| 650 |
0 |
9 |
|a college students
|z Czechia
|2 eczenas
|
| 650 |
0 |
9 |
|a foreign study
|x Germany
|2 eczenas
|
| 655 |
|
7 |
|a informační publikace
|7 fd132454
|2 czenas
|
| 655 |
|
9 |
|a information publications
|2 eczenas
|
| 700 |
1 |
|
|a Smejkalová, Kateřina,
|d 1974-
|7 mzk2005286773
|4 aut
|
| 710 |
2 |
|
|a Česko-německé fórum mládeže
|7 pna2005285494
|
| 910 |
2 |
|
|a BOA001
|b 2-1154.301
|
| 928 |
9 |
|
|a Západočeská univerzita, Koordinační centrum česko-německých výměn mládeže Tandem
|
| 928 |
9 |
|
|a Koordinační centrum česko-německých výměn mládeže Tandem
|
| 990 |
|
|
|a BK
|
| 995 |
|
|
|a 11
|
| 991 |
|
|
|b 200508
|c NOV
|
| 996 |
6 |
|
|b 2610254099
|c 2-1154.301
|l MZK
|r Sklad / do 1 hodiny
|n 1
|p p.v.
|w 000778030
|u 000010
|a 1
|e BOA001
|j MZK50
|s P
|